<?xml version="1.0" encoding="UTF-8"?>
<record
    xmlns:xsi="http://www.w3.org/2001/XMLSchema-instance"
    xsi:schemaLocation="http://www.loc.gov/MARC21/slim http://www.loc.gov/standards/marcxml/schema/MARC21slim.xsd"
    xmlns="http://www.loc.gov/MARC21/slim">

  <leader>00632nam a22001937a 4500</leader>
  <controlfield tag="003">KOHA_M&#x130;RAKIL</controlfield>
  <controlfield tag="005">20260323104029.0</controlfield>
  <controlfield tag="008">260323b        tu ||||| |||| 00| 0 tur d</controlfield>
  <datafield tag="020" ind1=" " ind2=" ">
    <subfield code="a">9786052952450</subfield>
  </datafield>
  <datafield tag="040" ind1=" " ind2=" ">
    <subfield code="a">TR-AnABB</subfield>
    <subfield code="b">tur</subfield>
    <subfield code="c">TR-AnABB</subfield>
  </datafield>
  <datafield tag="041" ind1=" " ind2=" ">
    <subfield code="a">tur</subfield>
  </datafield>
  <datafield tag="082" ind1=" " ind2=" ">
    <subfield code="a">923.2</subfield>
    <subfield code="b">BOZ 2017</subfield>
  </datafield>
  <datafield tag="100" ind1="1" ind2=" ">
    <subfield code="a">Bozkurt, &#x130;smail</subfield>
  </datafield>
  <datafield tag="245" ind1="1" ind2="0">
    <subfield code="a">Zirk&#xF6;y'den mermertepe'ye :</subfield>
    <subfield code="b">K&#x131;br&#x131;s'ta direni&#x15F; ve m&#xFC;cahitlik y&#x131;llar&#x131; 1 Nisan 1955-1968 bahar&#x131; / </subfield>
    <subfield code="c">&#x130;smail Bozkurt</subfield>
  </datafield>
  <datafield tag="260" ind1=" " ind2=" ">
    <subfield code="a">&#x130;stanbul :</subfield>
    <subfield code="b">T&#xFC;rkiye &#x130;&#x15F; Bankas&#x131; ,</subfield>
    <subfield code="c">2017</subfield>
  </datafield>
  <datafield tag="300" ind1=" " ind2=" ">
    <subfield code="a">656 sayfa ; </subfield>
    <subfield code="c">20 cm</subfield>
  </datafield>
  <datafield tag="650" ind1="0" ind2="4">
    <subfield code="a">Otobiyografi, devlet adamlar&#x131;</subfield>
  </datafield>
  <datafield tag="942" ind1=" " ind2=" ">
    <subfield code="2">ddc</subfield>
    <subfield code="c">BK</subfield>
  </datafield>
  <datafield tag="952" ind1=" " ind2=" ">
    <subfield code="0">0</subfield>
    <subfield code="1">0</subfield>
    <subfield code="2">ddc</subfield>
    <subfield code="7">0</subfield>
    <subfield code="a">RUK</subfield>
    <subfield code="b">RUK</subfield>
    <subfield code="d">2026-03-23</subfield>
    <subfield code="l">0</subfield>
    <subfield code="o">923.2 BOZ 2017</subfield>
    <subfield code="p">RK1005</subfield>
    <subfield code="r">2026-03-23 10:40:42</subfield>
    <subfield code="w">2026-03-23</subfield>
    <subfield code="y">BK</subfield>
  </datafield>
  <datafield tag="999" ind1=" " ind2=" ">
    <subfield code="c">9992</subfield>
    <subfield code="d">9992</subfield>
  </datafield>
  <datafield tag="900" ind1=" " ind2=" ">
    <subfield code="b">Can &#xC7;ELIK</subfield>
  </datafield>
</record>
